[Event "Nova Gorica op 28th"]
[Site "Nova Gorica"]
[Date "2024.01.29"]
[Round "5"]
[White "Privitera, Franco"]
[Black "Gergolet, Jan"]
[Result "1/2-1/2"]
[WhiteElo "1919"]
[BlackElo "1632"]
[PlyCount "60"]
[EventDate "2024.01.26"]
[EventType "swiss"]
[EventRounds "9"]
[EventCountry "SLO"]
[SourceTitle "CB06_2024"]
[SourceDate "2024.02.07"]
[SourceVersion "1"]
[SourceVersionDate "2024.02.07"]
[SourceQuality "1"]

1. Nf3 c5 2. c4 Nf6 3. Nc3 g6 4. e4 Bg7 5. d3 0-0 6. Be2 Nc6 7. 0-0 a6 8. Rb1 Nd4 9. Nxd4 cxd4 10. Nd5 Nxd5 11. exd5 e5 12. f4 d6 13. fxe5 dxe5 14. Bf3 f5 15. Bd2 Re8 16. Qc2 g5 17. g3 f4 18. gxf4 Bh3 19. fxg5 Rf8 20. Bg2 Qd7 21. Bb4 Rf4 22. Rxf4 exf4 23. Rf1 Qg4 24. Rf3 Re8 25. Rxh3 Re2 26. Qxe2 Qxe2 27. Ba3 Qd1+ 28. Kf2 Qc2+ 29. Kf1 Qd1+ 30. Kf2 Qg4 1/2-1/2

[Event "Nova Gorica op 25th"]
[Site "Nova Gorica"]
[Date "2020.01.29"]
[Round "8"]
[White "Privitera, Franco"]
[Black "Drazic, Sinisa"]
[Result "0-1"]
[WhiteElo "1947"]
[BlackElo "2365"]
[PlyCount "136"]
[EventDate "2020.01.24"]
[EventType "swiss"]
[EventRounds "9"]
[EventCountry "SLO"]
[SourceTitle "CBM 194"]
[Source "ChessBase"]
[SourceDate "2020.01.27"]
[SourceVersion "1"]
[SourceVersionDate "2020.01.27"]
[SourceQuality "1"]

1. d4 Nf6 2. c4 c5 3. d5 b5 4. Qc2 d6 5. e4 bxc4 6. Bxc4 g6 7. Nc3 Bg7 8. Nge2 0-0 9. 0-0 Nfd7 10. b3 Ne5 11. Bb2 Nbd7 12. Bb5 a6 13. Ba4 c4 14. Nd4 Nc5 15. Nc6 Nxc6 16. dxc6 Be6 17. Nd5 cxb3 18. axb3 Bxd5 19. exd5 Bxb2 20. Qxb2 Rb8 21. Qc2 Rb4 22. Rfe1 Qc7 23. Qd2 a5 24. Re3 Re8 25. Rh3 e5 26. Qh6 f5 27. Rc3 Ne4 28. Rc4 Reb8 29. Rac1 Nf6 30. Qd2 Kf7 31. Rxb4 Rxb4 32. Rc4 Rxc4 33. bxc4 Qb6 34. h3 f4 35. Bc2 Ke7 36. Kh2 Qc5 37. Bd3 Qb4 38. Qc2 Kf7 39. Qa2 a4 40. Bc2 a3 41. c7 Qc5 42. c8Q Qxc8 43. Qxa3 Qc7 44. Qb4 Nd7 45. Ba4 Nc5 46. Qb5 Qe7 47. Bd1 h5 48. Qb8 Kg7 49. Bc2 e4 50. Qb2+ Qf6 51. Qb1 Qe5 52. f3 exf3 53. gxf3 Qe2+ 54. Kg1 Qxc4 55. Qb2+ Kf7 56. Bb1 Qb3 57. Qc2 Qxc2 58. Bxc2 Kf6 59. h4 Nd7 60. Kg2 Ne5 61. Be4 Nf7 62. Kh3 Nh6 63. Kg2 Nf5 64. Kh3 Ng3 65. Bd3 Nf5 66. Bc2 Ke5 67. Be4 Kd4 68. Kg2 Nxh4+ 0-1

[Event "Arco Christmas op 9th"]
[Site "Arco"]
[Date "2018.12.27"]
[Round "3"]
[White "Privitera, Franco"]
[Black "Lagrotteria, Salvatore"]
[Result "1/2-1/2"]
[WhiteElo "2004"]
[BlackElo "2104"]
[PlyCount "68"]
[EventDate "2018.12.26"]
[EventType "swiss"]
[EventRounds "7"]
[EventCountry "ITA"]
[SourceTitle "CBM 188 Extra"]
[Source "ChessBase"]
[SourceDate "2019.02.26"]
[SourceVersion "1"]
[SourceVersionDate "2019.02.26"]
[SourceQuality "1"]

1. Nf3 g6 2. g3 Bg7 3. Bg2 d6 4. 0-0 e5 5. d3 Ne7 6. c4 0-0 7. Nc3 c6 8. Qc2 h6 9. b4 f5 10. Rb1 Be6 11. b5 Nd7 12. Ba3 c5 13. Bb2 g5 14. Nd2 Qc7 15. a4 Rae8 16. Ra1 h5 17. a5 Qb8 18. e3 Nf6 19. Rae1 Ng6 20. f4 gxf4 21. exf4 h4 22. Nf3 hxg3 23. hxg3 Bh6 24. Ng5 Bxg5 25. fxg5 Nh5 26. Nd5 Qd8 27. g4 fxg4 28. d4 Qxg5 29. dxe5 Rxf1+ 30. Rxf1 dxe5 31. Nc7 Rf8 32. Nxe6 Qe3+ 33. Kh2 Qg3+ 34. Kg1 Qe3+ 1/2-1/2

[Event "World Amateur-ch U2300"]
[Site "Cagliari"]
[Date "2018.04.24"]
[Round "4"]
[White "Zhunussov, Bibek"]
[Black "Privitera, Franco"]
[Result "1-0"]
[WhiteElo "2209"]
[BlackElo "2007"]
[PlyCount "135"]
[EventDate "2018.04.22"]
[EventType "swiss"]
[EventRounds "9"]
[EventCountry "ITA"]
[SourceTitle "CBM 184 Extra"]
[Source "ChessBase"]
[SourceDate "2018.06.28"]
[SourceVersion "1"]
[SourceVersionDate "2018.06.28"]
[SourceQuality "1"]

1. d4 e6 2. c4 f5 3. e4 Bb4+ 4. Bd2 Qe7 5. Bd3 fxe4 6. Bxe4 Nf6 7. Bd3 e5 8. dxe5 Qxe5+ 9. Qe2 Bxd2+ 10. Kxd2 Nc6 11. Nc3 0-0 12. Qxe5 Nxe5 13. f3 d6 14. Nge2 Be6 15. b3 Nxd3 16. Kxd3 d5 17. cxd5 Nxd5 18. Nxd5 Bxd5 19. Rhe1 Rad8 20. Kc3 Rd6 21. Rad1 c6 22. Nd4 Rg6 23. Rd2 h5 24. Re5 Rh6 25. Nf5 Re6 26. Rdxd5 cxd5 27. Rxe6 Rxf5 28. Kd4 h4 29. Re5 Rf4+ 30. Ke3 Rf6 31. Rxd5 Re6+ 32. Kd2 Rg6 33. g3 hxg3 34. hxg3 Rxg3 35. Ke3 Rg2 36. a4 Rb2 37. Rd3 Kf8 38. Ke4 Ke7 39. Kf5 Rg2 40. Re3+ Kd7 41. f4 Rf2 42. Rg3 g6+ 43. Rxg6 Rf3 44. b4 Ra3 45. b5 Rxa4 46. Rg7+ Kc8 47. Ke5 Rb4 48. f5 Rxb5+ 49. Kd6 Rb6+ 50. Ke7 Kc7 51. f6 Rb2 52. f7 Re2+ 53. Kf8 Rf2 54. Kg8 Kc6 55. f8Q Rxf8+ 56. Kxf8 a5 57. Ke7 a4 58. Ke6 b5 59. Ke5 Kc5 60. Ke4 Kc4 61. Ke3 Kc3 62. Rc7+ Kb3 63. Kd2 b4 64. Kc1 Ka2 65. Rc2+ Ka1 66. Rc4 a3 67. Rc2 a2 68. Rf2 1-0

[Event "Porto San Giorgio op 26th"]
[Site "Porto San Giorgio"]
[Date "2015.08.25"]
[Round "4"]
[White "Privitera, Franco"]
[Black "Foglia, Maurizio"]
[Result "1-0"]
[WhiteElo "2093"]
[BlackElo "2148"]
[PlyCount "55"]
[EventDate "2015.08.22"]
[EventType "swiss"]
[EventRounds "9"]
[EventCountry "ITA"]
[SourceTitle "EXT 2016"]
[Source "ChessBase"]
[SourceDate "2015.10.08"]
[SourceVersion "1"]
[SourceVersionDate "2015.10.08"]
[SourceQuality "1"]

1. d4 d5 2. c4 dxc4 3. Nf3 a6 4. a4 Nf6 5. e3 Bf5 6. Bxc4 e6 7. Nc3 Nc6 8. 0-0 Be7 9. h3 h6 10. Qe2 Ne4 11. Rd1 0-0 12. d5 Nxc3 13. bxc3 exd5 14. Bxd5 Qe8 15. e4 Bf6 16. Ba3 Bxc3 17. Rac1 Bf6 18. Bxf8 Kxf8 19. Qc4 Bd7 20. Bxf7 Qe7 21. Bg6 Be6 22. Qc2 Rc8 23. Rb1 Nb4 24. Qd2 a5 25. e5 Bg5 26. Nxg5 hxg5 27. Qe2 Nd5 28. Qf3+ 1-0

[Event "Budapest FS08 IM-A"]
[Site "Budapest"]
[Date "2010.08.12"]
[Round "6"]
[White "To, Nhat Minh"]
[Black "Privitera, Franco"]
[Result "1-0"]
[WhiteElo "2441"]
[BlackElo "2131"]
[PlyCount "59"]
[EventDate "2010.08.07"]
[EventType "tourn"]
[EventRounds "9"]
[EventCountry "HUN"]
[SourceTitle "CBM 137 Extra"]
[Source "ChessBase"]
[SourceDate "2010.09.01"]
[SourceVersion "1"]
[SourceVersionDate "2010.09.01"]
[SourceQuality "1"]

1. e4 d6 2. d4 Nf6 3. Nc3 g6 4. Be3 c6 5. Qd2 Nbd7 6. f3 Qa5 7. g4 b5 8. a3 Nb6 9. d5 Nc4 10. Bxc4 bxc4 11. g5 Nh5 12. Bd4 f6 13. dxc6 e5 14. Be3 Be6 15. Nge2 Be7 16. Ng3 Nf4 17. gxf6 Bxf6 18. 0-0-0 0-0 19. Qxd6 Rae8 20. Qb4 Qc7 21. Nd5 Qxc6 22. Bxf4 exf4 23. Nxf6+ Rxf6 24. Ne2 Bf7 25. Nd4 Qa8 26. Qc3 Rb6 27. Rhg1 Kf8 28. Nf5 gxf5 29. Rd7 Rg6 30. Rxg6 1-0

[Event "Latschach op 24th"]
[Site "Latschach"]
[Date "2008.08.10"]
[Round "3"]
[White "Maryasin, Boris Feliksovich"]
[Black "Privitera, Franco"]
[Result "1-0"]
[WhiteElo "2308"]
[BlackElo "2129"]
[PlyCount "25"]
[EventDate "2008.08.09"]
[EventType "swiss"]
[EventRounds "9"]
[EventCountry "AUT"]
[SourceTitle "CBM 125 Extra"]
[Source "ChessBase"]
[SourceDate "2008.09.01"]
[SourceVersion "1"]
[SourceVersionDate "2008.09.01"]
[SourceQuality "1"]

1. e4 e6 2. d3 d5 3. Qe2 Ne7 4. Nf3 b6 5. g3 dxe4 6. dxe4 Ba6 7. c4 Ng6 8. Bg2 Bb4+ 9. Bd2 Qe7 10. 0-0 Bxd2 11. Nbxd2 Nd7 12. Nd4 Nde5 13. Nb5 1-0